[Event "Moscow Open 2009 B"]
[Site "www.moscowchessopen.ru"]
[Date "2009.02.05"]
[Round "6.1"]
[White "Gevorgyan, David"]
[Black "Grishin, Alexander"]
[Result "1-0"]
[WhiteElo "2252"]
[BlackElo "2231"]
[Annotator ""]
[Source ""]
[Remark ""]

1.d4 d5 2.c4 e6 3.Nc3 Be7 4.Nf3 Nf6 5.e3 Nbd7 6.b3 O-O 7.Bd3
dxc4 8.bxc4 c5 9.O-O b6 10.d5 exd5 11.cxd5 a6 12.a4 Qc7 13.e4
Bd6 14.h3 Re8 15.Bc2 Ne5 16.Nh4 c4 17.Bg5 Be7 18.Nf3 Nxf3+ 19.Qxf3
Bd7 20.Rad1 Qe5 21.Bf4 Qh5 22.Qxh5 Nxh5 23.Be3 Bb4 24.Na2 Ba5
25.Bd2 c3 26.Be3 Rac8 27.f3 f5 28.g4 Ng3 29.Rfe1 fxg4 30.hxg4
h5 31.Kg2 h4 32.Bg5 Rc4 33.Bxh4 Bxa4 34.Rc1 Bxc2 35.Rxc2 Nxe4
36.Rxe4 Rexe4 37.fxe4 Rxe4 38.Kf3 Rd4 39.Nxc3 Bxc3 40.Rxc3 Rxd5
41.Rc6 Rb5 42.Bf2 Rb4 43.Rxb6 Ra4 44.g5 Kh7 45.Be3 g6 46.Bc5
Rc4 47.Be7 a5 48.Bf6 Kg8 49.Rb7 a4 50.Ra7 Rb4 51.Ke3 Rb5 52.Ke4
Kf8 53.Rxa4 Rf5 54.Ra8+ Kf7 55.Ra7+ Kf8 56.Rd7 Ra5 57.Rd5 Ra2
58.Rd8+ Kf7 59.Rd7+ Kf8 60.Rg7 Ra4+ 61.Kd3 Ra3+ 62.Kc2 Ra2+ 63.Kb3
Rd2 64.Rxg6 Kf7 65.Rg7+ Ke6 66.Bc3 Rd8 67.Rc7 Kf5 68.Bf6 1-0

[Event "Moscow Open 2009 B"]
[Site "www.moscowchessopen.ru"]
[Date "2009.02.05"]
[Round "6.2"]
[White "Aghasaryan, Robert"]
[Black "Stets, Vasilij"]
[Result "1/2-1/2"]
[WhiteElo "2218"]
[BlackElo "2239"]
[Annotator ""]
[Source ""]
[Remark ""]

1.d4 Nf6 2.c4 c5 3.d5 b5 4.cxb5 a6 5.bxa6 Bxa6 6.g3 d6 7.Bg2
g6 8.Nh3 Bg7 9.Nf4 Nbd7 10.h4 h5 11.Bd2 O-O 12.Bc3 Nb6 13.b3
Bb7 14.O-O Ra7 15.e4 Ng4 16.Qc2 Ba6 17.Rd1 Nd7 18.Bxg7 Kxg7 19.Nc3
Qb6 20.Bf1 Bxf1 21.Kxf1 Nde5 22.Kg2 Rb8 23.Rab1 Qb4 24.a4 Rc8
25.Nb5 Raa8 26.Rdc1 c4 27.Qc3 Qxc3 28.Rxc3 cxb3 29.Rbxb3 Rcb8
30.Rb4 Nf6 31.Rc7 Kf8 32.Kf1 Nfd7 33.Ne2 Nc5 34.Nec3 Na6 35.Rbc4
Nxc4 36.Rxc4 Nc5 37.e5 Nxa4 38.exd6 exd6 39.Nc7 Nb6 40.Rc6 Ra1+
41.Kg2 Rc8 42.N3b5 Nxd5 43.Ne6+ Ke7 44.Rxc8 Kxe6 45.Rc6 Ra5 46.Nxd6
Kd7 47.Nc4 1/2-1/2

[Event "Moscow Open 2009 B"]
[Site "www.moscowchessopen.ru"]
[Date "2009.02.05"]
[Round "6.3"]
[White "Kutuzov, Denis"]
[Black "Poghosyan, Suren"]
[Result "0-1"]
[WhiteElo "2298"]
[BlackElo "2218"]
[Annotator ""]
[Source ""]
[Remark ""]

1.b4 e5 2.a3 d5 3.Bb2 Bd6 4.e3 Nf6 5.c4 dxc4 6.Bxc4 O-O 7.Nf3
Qe7 8.Nc3 c6 9.Be2 Bg4 10.O-O Nbd7 11.h3 Bh5 12.d3 Rfd8 13.Nd2
Bxe2 14.Qxe2 Rac8 15.Nc4 Bb8 16.Rac1 Nf8 17.Rfd1 Ng6 18.Na5 Nd5
19.Nb3 f5 20.Qh5 Qf7 21.Nc5 Rf8 22.Rd2 Rcd8 23.g4 f4 24.Nxd5
cxd5 25.e4 b6 26.Na6 dxe4 27.Nxb8 e3 28.Rdc2 exf2+ 29.Kxf2 Rxb8
30.Bxe5 Nxe5 31.Qxe5 Rbe8 32.Qd4 Qe7 33.Kf1 Qh4 34.Qd5+ Kh8 0-1

[Event "Moscow Open 2009 B"]
[Site "www.moscowchessopen.ru"]
[Date "2009.02.05"]
[Round "6.4"]
[White "Yuferev, Oleg"]
[Black "Nikologorsky, Matfei"]
[Result "0-1"]
[WhiteElo "2293"]
[BlackElo "2196"]
[Annotator ""]
[Source ""]
[Remark ""]

1.c4 c5 2.Nf3 Nf6 3.Nc3 Nc6 4.d4 cxd4 5.Nxd4 g6 6.e4 d6 7.Be2
Bg7 8.Be3 O-O 9.O-O Bd7 10.Nc2 Rc8 11.f3 h5 12.Qd2 Kh7 13.Rfd1
Be6 14.Rab1 Nd7 15.Nd5 Nde5 16.b3 f5 17.Nf4 Qd7 18.Nxe6 Qxe6
19.exf5 gxf5 20.h3 Qg6 21.f4 Nd7 22.Nd4 Rg8 23.Bf3 Nxd4 24.Bxd4
e5 25.fxe5 dxe5 26.Be3 Nf6 27.Bxb7 Rc7 28.Bd5 Nxd5 29.Qxd5 f4
30.Bf2 e4 31.Qd6 Bf6 32.Qxc7+ Rg7 33.Qxg7+ Bxg7 34.Kh1 e3 35.Bg1
Qe4 36.Rf1 e2 37.Rbe1 exf1Q 38.Rxf1 Bd4 39.Bxd4 Qxd4 40.a4 Kg6
41.Rf3 Kf5 42.Kh2 Ke4 43.Kh1 Qd1+ 44.Kh2 Qe1 45.c5 a5 46.c6 Qc1
47.Rf2 Qxc6 48.Rf3 Qc1 49.Rf2 Qe1 50.Rf3 h4 0-1

[Event "Moscow Open 2009 B"]
[Site "www.moscowchessopen.ru"]
[Date "2009.02.05"]
[Round "6.5"]
[White "Babikov, Ivan"]
[Black "Karlson, Vladilen"]
[Result "1-0"]
[WhiteElo "2284"]
[BlackElo "2190"]
[Annotator ""]
[Source ""]
[Remark ""]

1.e4 c5 2.c3 Nf6 3.e5 Nd5 4.Nf3 e6 5.d4 cxd4 6.cxd4 d6 7.a3 Nc6
8.Bd3 dxe5 9.dxe5 Qc7 10.O-O Nxe5 11.Nxe5 Qxe5 12.Bb5+ Bd7 13.Bxd7+
Kxd7 14.Qa4+ Kd8 15.Nc3 Bd6 16.g3 Nxc3 17.bxc3 Ke7 18.Rd1 Qc5
19.Rb1 b6 20.Rb2 h6 21.Bf4 Rhd8 22.Rbd2 Bxf4 23.Rd7+ Rxd7 24.Rxd7+
Kf6 25.Qxf4+ Qf5 26.Qc7 Qb1+ 27.Kg2 Qe4+ 28.Kf1 Qb1+ 29.Ke2 Qe4+
30.Kd2 Rf8 31.Qxa7 Kg6 32.Qxb6 Qa4 33.Qd6 Ra8 34.Qd3+ f5 35.Qd6
Qxa3 36.Qxe6+ Kh7 37.Qxf5+ Kh8 38.Qe5 Qf8 39.Qd4 Ra2+ 40.Ke1
Ra1+ 41.Ke2 Qa8 42.Qxg7# 1-0

[Event "Moscow Open 2009 B"]
[Site "www.moscowchessopen.ru"]
[Date "2009.02.05"]
[Round "6.6"]
[White "Novikov, Valeri"]
[Black "Pavlov, Aleksandr"]
[Result "0-1"]
[WhiteElo "2169"]
[BlackElo "2274"]
[Annotator ""]
[Source ""]
[Remark ""]

1.e4 c5 2.Nc3 Nc6 3.g3 g6 4.Bg2 Bg7 5.Nge2 e6 6.d3 Nge7 7.Bg5
h6 8.Be3 Nd4 9.O-O O-O 10.Qd2 Kh7 11.Rae1 d6 12.Nd1 f5 13.c3
Ndc6 14.f3 Qa5 15.Nc1 Bd7 16.Nf2 Rad8 17.h4 Bc8 18.Kh2 e5 19.Nh3
b5 20.a3 c4 21.Qe2 cxd3 22.Nxd3 Be6 23.Rg1 Qc7 24.Nb4 Bc4 25.Qc2
Be6 26.Nxc6 Nxc6 27.Qc1 Na5 28.Qb1 Nc4 29.Bc1 d5 30.Qc2 Na5 31.Qe2
a6 32.exd5 Bxd5 33.f4 Bc4 34.Qf2 e4 35.Be3 Rf6 36.Bf1 Bxf1 37.Rgxf1
Rfd6 38.Ng1 Nc4 39.Bc1 Rd3 40.Qe2 Rd2 0-1

[Event "Moscow Open 2009 B"]
[Site "www.moscowchessopen.ru"]
[Date "2009.02.05"]
[Round "6.7"]
[White "Kursova, Maria"]
[Black "Bikuzhin, Vaksim"]
[Result "1-0"]
[WhiteElo "2268"]
[BlackElo "2145"]
[Annotator ""]
[Source ""]
[Remark ""]

1.d4 Nf6 2.Nf3 d6 3.c4 Nbd7 4.Nc3 e5 5.g3 Be7 6.Bg2 O-O 7.O-O
c6 8.Qc2 a6 9.b3 Qc7 10.Bb2 b6 11.Rac1 Bb7 12.h3 Rfe8 13.e4 Bf8
14.d5 Rac8 15.Qe2 g6 16.Ne1 cxd5 17.cxd5 Qb8 18.Nc2 Bh6 19.Ne3
b5 20.Kh2 b4 21.Na4 Qa7 22.Rxc8 Rxc8 23.Nc4 Qb8 24.f4 exf4 25.gxf4
Re8 26.Qd3 Bg7 27.a3 Nh5 28.axb4 Bxb2 29.Naxb2 Ba8 30.Qd2 f5
31.exf5 gxf5 32.Ne3 Ng7 33.Nbc4 Nf6 34.Rg1 Qa7 35.Bf3 Kf8 36.Qd3
Ne4 37.Rg2 Qe7 38.Qd4 Qf6 39.Qxf6+ Nxf6 40.Rg5 h6 41.Rg6 Nfh5
42.Rxh6 Nxf4 43.Rxd6 Nd3 44.Rxa6 f4 45.Ng2 Nxb4 46.Rf6+ Ke7 47.Rg6
Nf5 48.Re6+ Kd8 49.Nxf4 Nd4 50.Rxe8+ Kxe8 51.Bh5+ Ke7 52.d6+
Kf6 53.Bd1 Be4 54.h4 Nbc6 55.Ne2 Nb5 56.Ng3 Bd5 57.Nh5+ Kf7 58.Nf4
Bxc4 59.bxc4 Nxd6 60.c5 Nf5 61.Ba4 Ncd4 62.Kh3 Kf6 63.c6 Ke5
64.c7 Nd6 65.Kg4 N4f5 66.Bd7 Nh6+ 67.Kf3 Nhf7 68.c8Q Nxc8 69.Bxc8
Kf6 70.Nd5+ Ke5 71.Ne3 Kf6 72.Kf4 Kg7 73.Be6 Nh8 74.Kg5 Ng6 75.h5
Nf8 76.Bf5 Kh8 77.Nd5 Kg7 78.Nc7 Kh8 79.Ne8 Kg8 80.Nf6+ Kh8 81.Ng4
Kg8 82.Kf6 Kh8 83.Kf7 Ng6 84.Kxg6 1-0

[Event "Moscow Open 2009 B"]
[Site "www.moscowchessopen.ru"]
[Date "2009.02.05"]
[Round "6.8"]
[White "Vdovin, Sergei"]
[Black "Dzhangobegov, Vladimir"]
[Result "1/2-1/2"]
[WhiteElo "2263"]
[BlackElo "2180"]
[Annotator ""]
[Source ""]
[Remark ""]

1.d4 Nf6 2.Nf3 g6 3.c4 Bg7 4.Nc3 d6 5.e4 O-O 6.Be2 Nbd7 7.O-O
e5 8.Be3 Qe7 9.Qc2 c6 10.dxe5 dxe5 11.Rad1 Ng4 12.Bg5 f6 13.Bc1
Nh6 14.a3 f5 15.Bg5 Nf6 16.b4 Nf7 17.c5 Be6 18.Rd2 f4 19.h3 h6
20.Bxf6 Qxf6 21.Nh2 h5 22.Na4 Bh6 23.Rd3 Rad8 24.Rfd1 Rd4 25.Rxd4
exd4 26.Nb2 Rd8 27.Nc4 Kh7 28.Na5 Rd7 29.Nf3 Bg7 30.Bc4 Ne5 31.Nxe5
Qxe5 32.Qd3 Re7 33.Bxe6 Qxe6 34.f3 Rd7 35.Nc4 Be5 36.Kf1 a6 37.Ke2
g5 38.Rd2 Kg7 39.Nd6 b5 40.Nf5+ Kf6 41.Rc2 Rd8 42.Kd2 Qg8 43.Rb2
Qc4 44.Rc2 Qg8 1/2-1/2

[Event "Moscow Open 2009 B"]
[Site "www.moscowchessopen.ru"]
[Date "2009.02.05"]
[Round "6.9"]
[White "Tiukaev, Ilgiz"]
[Black "Tukhvatullin, Vladislav"]
[Result "1-0"]
[WhiteElo "2134"]
[BlackElo "2227"]
[Annotator ""]
[Source ""]
[Remark ""]

1.e4 c5 2.Nc3 Nc6 3.g3 g6 4.Bg2 Bg7 5.d3 d6 6.f4 e6 7.Nf3 Nge7
8.O-O O-O 9.Be3 Nd4 10.Bf2 Nec6 11.e5 dxe5 12.Nxe5 Nxe5 13.fxe5
Bxe5 14.Ne4 f5 15.Nxc5 Qc7 16.b4 Nb5 17.a4 Nd6 18.d4 Bf6 19.Re1
Re8 20.Rc1 Rb8 21.d5 e5 22.c4 e4 23.Nb3 Bg5 24.Be3 Bxe3+ 25.Rxe3
f4 26.gxf4 Nf5 27.Rxe4 Rxe4 28.Bxe4 Qxf4 29.Qe1 Nh4 30.Rc3 Bg4
31.Qg3 Qxe4 32.Qxb8+ Kg7 33.Qc7+ Kh6 34.Qg3 Nf5 35.Qf2 Qb1+ 36.Qf1
Qe4 37.d6 Nxd6 38.Qc1+ g5 39.h4 Nf7 40.Qe3 Qf5 41.Nd4 Qb1+ 42.Rc1
Qxb4 43.Ne6 Bxe6 44.Qxe6+ Kg7 45.Rf1 Qc5+ 46.Kh1 Ne5 47.Qf6+
Kg8 48.Qxg5+ Kh8 49.Qf6+ Kg8 50.Rd1 Ng6 51.Rd8+ Nf8 52.Qg5+ 1-0

[Event "Moscow Open 2009 B"]
[Site "www.moscowchessopen.ru"]
[Date "2009.02.05"]
[Round "6.10"]
[White "Kachar, Vladimir"]
[Black "Shamugia, Shavleg"]
[Result "0-1"]
[WhiteElo "2295"]
[BlackElo "2215"]
[Annotator ""]
[Source ""]
[Remark ""]

1.Nf3 Nf6 2.c4 g6 3.Nc3 Bg7 4.e4 d6 5.d4 O-O 6.Be2 e5 7.Be3 Nbd7
8.Qd2 Re8 9.dxe5 dxe5 10.Rd1 c6 11.O-O Qe7 12.Ne1 Nc5 13.f3 Ne6
14.Nc2 Nh5 15.Rf2 Nhf4 16.Bf1 g5 17.Qe1 h5 18.Rfd2 Bf8 19.g3
Ng6 20.Qf2 Qf6 21.Bg2 Ngf4 22.b4 Nxg2 23.Kxg2 Be7 24.Na4 Qg6
25.Nc3 Nf4+ 26.Kh1 Nh3 27.Qg2 Be6 28.Bc5 Bf6 29.Ne3 g4 30.fxg4
hxg4 31.Nf5 Ng5 32.Nd6 Reb8 33.Rd3 Kg7 34.Rf1 Rd8 35.Nf5+ Bxf5
36.exf5 Qh5 37.Rxd8 Rxd8 38.Bxa7 Nf3 39.Ne4 Qxf5 40.Qe2 Ra8 41.Bg1
Rxa2 42.Qxa2 Qxe4 43.Qb1 Qxc4 44.Rd1 e4 45.Qc1 Qe2 46.Rd6 Ne1 0-1

[Event "Moscow Open 2009 B"]
[Site "www.moscowchessopen.ru"]
[Date "2009.02.05"]
[Round "6.11"]
[White "Krivonos, Nikolay"]
[Black "Nozdrachev, Leonid"]
[Result "0-1"]
[WhiteElo "2294"]
[BlackElo "2215"]
[Annotator ""]
[Source ""]
[Remark ""]

1.d4 Nf6 2.c4 e5 3.dxe5 Ng4 4.Nf3 Bc5 5.e3 Nc6 6.Be2 Ngxe5 7.O-O
O-O 8.Nc3 Re8 9.b3 a5 10.Bb2 Nxf3+ 11.Bxf3 Ne5 12.Be2 Ra6 13.Ne4
Ba7 14.Ng3 Qh4 15.Re1 Rh6 16.Nf1 d6 17.Bd4 Bb8 18.Bc3 Ba7 19.Bxa5
Bf5 20.Bc3 Be4 21.Bxe5 Rxe5 22.Bf3 Rf6 23.Nd2 Bc6 24.g3 Qh3 25.Bxc6
bxc6 26.Nf1 g5 27.b4 Ref5 28.Re2 Bb6 29.Qc2 Qg4 30.Rae1 h5 31.Nd2
h4 32.Qe4 Qh3 33.Qg2 g4 34.Qxh3 gxh3 35.Ne4 Re6 36.Nc3 Rg5 37.Na4
Ba7 38.Nb2 Rg4 39.a3 f5 40.Kf1 Kf7 41.Rc1 hxg3 42.hxg3 f4 43.Nd1
f3 44.Kg1 fxe2 45.Nb2 Rxg3+ 46.Kh2 Rg2+ 47.Kxh3 Rg8 0-1

[Event "Moscow Open 2009 B"]
[Site "www.moscowchessopen.ru"]
[Date "2009.02.05"]
[Round "6.12"]
[White "Artamonov, Valery"]
[Black "Anarkulov, A"]
[Result "0-1"]
[WhiteElo "2289"]
[BlackElo "2202"]
[Annotator ""]
[Source ""]
[Remark ""]

1.c4 Nf6 2.Nc3 g6 3.g3 Bg7 4.Bg2 O-O 5.d3 c6 6.e4 e5 7.Bg5 h6
8.Be3 Na6 9.h3 d5 10.exd5 cxd5 11.cxd5 Re8 12.Qb3 Bf8 13.Ne4
Kg7 14.Nxf6 Qxf6 15.Ne2 Bb4+ 16.Nc3 Bf5 17.O-O Bxd3 18.Rfd1 Bf5
19.g4 Bc8 20.Ne4 Qd8 21.a3 Bf8 22.Qc3 f5 23.gxf5 gxf5 24.Ng3
Bd7 25.f4 Rc8 26.Qd3 Nc5 27.Bxc5 Bxc5+ 28.Kh2 e4 29.Bxe4 fxe4
30.Nxe4 Bf5 31.Qc3+ Kf7 32.Nxc5 Re2+ 33.Kg3 Qg8+ 34.Kh4 Rg2 35.Rg1
Qd8+ 0-1

[Event "Moscow Open 2009 B"]
[Site "www.moscowchessopen.ru"]
[Date "2009.02.05"]
[Round "6.13"]
[White "Kurukin, Dmitry"]
[Black "Timofeev, Vladimir F"]
[Result "1/2-1/2"]
[WhiteElo "2202"]
[BlackElo "2288"]
[Annotator ""]
[Source ""]
[Remark ""]

1.e4 c6 2.d4 d5 3.exd5 cxd5 4.c4 Nf6 5.Nc3 e6 6.Nf3 Be7 7.cxd5
Nxd5 8.Bc4 Nxc3 9.bxc3 Qc7 10.Qe2 Nc6 11.Bd3 b6 12.O-O Bb7 13.Re1
O-O-O 14.Ng5 Bd6 15.Qh5 g6 16.Qh3 Kb8 17.Ne4 Bf4 18.Rb1 Bxc1
19.Rexc1 e5 20.Bb5 f5 21.Ng5 Qe7 22.Qg3 f4 23.Qg4 Bc8 24.Qh4
Na5 25.Re1 h6 26.Rxe5 Qf6 27.Nf3 g5 28.Qh5 Bf5 29.Rbe1 Rc8 30.h4
Rhg8 31.Ba6 Rcd8 32.d5 Bc8 33.Bf1 g4 34.Nd4 g3 35.Re7 Ka8 36.Rf7
Qd6 37.Ree7 Bb7 38.c4 Qc5 39.Qd1 Rde8 40.Rc7 Qb4 41.Ne6 gxf2+
42.Kxf2 Qc3 43.Qf3 Qd2+ 44.Kg1 Rxe6 45.Rxb7 Qd4+ 46.Kh2 Re3 47.Rxa7+
Kb8 48.Qh5 f3 49.Rae7 fxg2 50.Bxg2 Rxe7 51.Rxe7 Qf4+ 52.Kh1 Qc1+
53.Kh2 Qf4+ 54.Kh1 1/2-1/2

[Event "Moscow Open 2009 B"]
[Site "www.moscowchessopen.ru"]
[Date "2009.02.05"]
[Round "6.14"]
[White "Betaneli, Alexander"]
[Black "Erofeev, Alexey"]
[Result "1/2-1/2"]
[WhiteElo "2284"]
[BlackElo "2195"]
[Annotator ""]
[Source ""]
[Remark ""]

1.d4 Nf6 2.c4 g6 3.Nc3 Bg7 4.e4 d6 5.Be2 O-O 6.Nf3 e5 7.Be3 h6
8.h3 exd4 9.Nxd4 Re8 10.Bf3 c6 11.O-O a5 12.Qd2 Kh7 13.Rfd1 Nbd7
14.Qc2 Qe7 15.Rac1 Nc5 16.Bf4 Nfd7 17.Nb3 Ne5 18.Be2 Ne6 19.Be3
a4 20.Nd4 Nc5 21.b4 axb3 22.axb3 Ned7 23.Bf3 Ne5 24.Be2 Ned7
25.Bf3 Ne5 1/2-1/2

[Event "Moscow Open 2009 B"]
[Site "www.moscowchessopen.ru"]
[Date "2009.02.05"]
[Round "6.15"]
[White "Khachatryan, Vahagn"]
[Black "Trusov, Mikhail"]
[Result "1-0"]
[WhiteElo "2283"]
[BlackElo "2191"]
[Annotator ""]
[Source ""]
[Remark ""]

1.d4 d5 2.Nf3 Nf6 3.c4 c6 4.e3 e6 5.Bd3 Nbd7 6.O-O Bd6 7.Nbd2
O-O 8.e4 dxe4 9.Nxe4 Nxe4 10.Bxe4 h6 11.Bc2 e5 12.Qd3 f5 13.c5
Bc7 14.Qb3+ Kh8 15.dxe5 Nxe5 16.Re1 Re8 17.Bf4 Nxf3+ 18.Qxf3
Ba5 19.Re5 Rxe5 20.Bxe5 Qe7 21.Qf4 Qg5 22.Qa4 Bd8 23.Qb3 Qe7
24.Re1 Bc7 25.Bc3 Qf8 26.Qb4 Kh7 27.Qd4 b6 28.Re8 Qf7 29.Rxc8
Rxc8 30.Bxf5+ Kh8 31.Bxc8 bxc5 32.Qg4 Bb6 33.Be6 Qe7 34.Bc4 1-0

[Event "Moscow Open 2009 B"]
[Site "www.moscowchessopen.ru"]
[Date "2009.02.05"]
[Round "6.16"]
[White "Okun, Leonid"]
[Black "Yudkevich, Mikhail"]
[Result "0-1"]
[WhiteElo "2277"]
[BlackElo "2190"]
[Annotator ""]
[Source ""]
[Remark ""]

1.d4 e6 2.g3 d5 3.Bg2 Nf6 4.Nf3 c5 5.O-O Nc6 6.c3 Be7 7.Nbd2
cxd4 8.cxd4 O-O 9.Nb3 b6 10.Ne5 Bb7 11.Bf4 Rc8 12.Nc1 Ne4 13.Nxc6
Bxc6 14.Nd3 Bb5 15.Re1 a5 16.f3 Nd6 17.Be3 Nf5 18.Bf2 Qd7 19.e4
Nd6 20.Ne5 Qb7 21.exd5 exd5 22.Bh3 Rc7 23.Rc1 Bg5 24.Rxc7 Qxc7
25.Be3 Bxe3+ 26.Rxe3 Nc4 27.Rc3 Qd6 28.Qe2 Re8 29.a4 Bxa4 30.b3
Qa3 31.Rd3 Bxb3 32.Bf1 Qa2 33.Qe1 f6 34.Qc3 fxe5 35.Qxb3 Qxb3
36.Rxb3 a4 37.Rb4 Ra8 0-1

[Event "Moscow Open 2009 B"]
[Site "www.moscowchessopen.ru"]
[Date "2009.02.05"]
[Round "6.17"]
[White "Gankin, Stanislav"]
[Black "Martynov, Vladimir"]
[Result "1-0"]
[WhiteElo "2275"]
[BlackElo "2184"]
[Annotator ""]
[Source ""]
[Remark ""]

1.e4 e5 2.Nf3 Nc6 3.Bc4 d6 4.h3 Be6 5.Bb5 a6 6.Bxc6+ bxc6 7.d4
exd4 8.Nxd4 Bd7 9.O-O g6 10.Nc3 Bg7 11.Bf4 Qf6 12.Be3 c5 13.Nf3
Qd8 14.Qd2 f6 15.Rfe1 Ne7 16.Rad1 Qc8 17.Bh6 O-O 18.Bxg7 Kxg7
19.e5 fxe5 20.Nxe5 Nf5 21.Ne4 Be8 22.Ng4 Nd4 23.Qh6+ 1-0

[Event "Moscow Open 2009 B"]
[Site "www.moscowchessopen.ru"]
[Date "2009.02.05"]
[Round "6.18"]
[White "Kozlov, Vladimir N"]
[Black "Kapov, Albert"]
[Result "1/2-1/2"]
[WhiteElo "2269"]
[BlackElo "2176"]
[Annotator ""]
[Source ""]
[Remark ""]

1.c4 e5 2.Nc3 Nf6 3.Nf3 Nc6 4.d3 d5 5.cxd5 Nxd5 6.e4 Nb6 7.Be2
Bg4 8.O-O Qd7 9.a4 Bd6 10.a5 Nc8 11.a6 b6 12.Be3 O-O 13.h3 Be6
14.Rc1 N8e7 15.Qa4 Rfd8 16.Rfd1 Nd4 17.Bxd4 Qxa4 18.Nxa4 exd4
19.Nxd4 Bd7 20.Nc3 Bf4 21.Ra1 Bxh3 22.Ndb5 Be6 23.g3 Bd6 24.d4
c6 25.Nxd6 Rxd6 26.d5 cxd5 27.exd5 Nxd5 28.Bf3 Rad8 29.Nb5 R6d7
30.Rac1 g6 31.Bxd5 Rxd5 32.Rxd5 Rxd5 33.Nxa7 Ra5 34.f3 Rxa6 35.Nb5
Ra2 36.Rc2 Ra1+ 37.Kf2 h5 38.Nd4 Bd5 39.Rc8+ Kg7 40.Rb8 Ra4 41.Ke3
Rb4 42.b3 Bxb3 43.Nc6 Rc4 44.Rxb6 Rc3+ 45.Kf2 Bd5 46.Nd4 Rd3
47.Rb4 Kf6 48.Ke2 Rc3 49.Kf2 g5 50.f4 gxf4 51.gxf4 Be4 52.Rb6+
Kg7 53.Rb5 Rd3 54.Nf5+ Kf6 55.Nh4 Bd5 56.Rb6+ Be6 57.f5 Rh3 58.fxe6
Rxh4 59.exf7+ Kxf7 1/2-1/2

[Event "Moscow Open 2009 B"]
[Site "www.moscowchessopen.ru"]
[Date "2009.02.05"]
[Round "6.19"]
[White "Uliashev, Pavel"]
[Black "Radomsky, Viacheslav G"]
[Result "1-0"]
[WhiteElo "2267"]
[BlackElo "2175"]
[Annotator ""]
[Source ""]
[Remark ""]

1.d4 Nf6 2.c4 e6 3.Nc3 Bb4 4.Qc2 b6 5.e4 Bb7 6.Bd3 Bxc3+ 7.bxc3
d6 8.f4 e5 9.Nf3 Nbd7 10.O-O O-O 11.fxe5 dxe5 12.Bg5 Re8 13.Bxf6
gxf6 14.Nh4 Kh8 15.d5 Rg8 16.Rf5 Rg4 17.g3 Qf8 18.Raf1 Qc5+ 19.Kh1
a6 20.Qe2 Rag8 21.Ng2 R4g6 22.Ne3 Qa3 23.Qd2 Bc8 24.R5f2 Qf8
25.Bc2 Rg5 26.d6 cxd6 27.Rd1 h5 28.Qxd6 Qxd6 29.Rxd6 h4 30.g4
Rxg4 31.Nxg4 Rxg4 32.Rfd2 h3 33.R6d3 Kg7 34.Rxh3 Kf8 35.Rh8+
Rg8 36.Rxg8+ Kxg8 37.Ba4 Nc5 38.Rd8+ Kg7 39.Rxc8 Nxa4 40.Kg2
f5 41.Kf3 f4 42.Rc6 a5 43.h4 f6 44.h5 Nb2 45.c5 bxc5 46.Rxc5
a4 47.Rc7+ Kh6 48.c4 Kxh5 49.c5 Nc4 50.Rd7 Kg5 51.c6 f5 52.c7
Nb6 53.Rd6 Nc8 54.Rd8 Nb6 55.c8Q Nxc8 56.Rxc8 fxe4+ 57.Kxe4 1-0

[Event "Moscow Open 2009 B"]
[Site "www.moscowchessopen.ru"]
[Date "2009.02.05"]
[Round "6.20"]
[White "Manukyan, Sargis V"]
[Black "Andreev, Viktor"]
[Result "1-0"]
[WhiteElo "2198"]
[BlackElo "2258"]
[Annotator ""]
[Source ""]
[Remark ""]

1.d4 d6 2.Nf3 g6 3.c4 Nf6 4.Nc3 Bg7 5.e4 O-O 6.Be2 e5 7.O-O c6
8.Re1 Qc7 9.h3 Re8 10.d5 Nbd7 11.Be3 Nc5 12.Nd2 a5 13.a3 b6 14.b4
axb4 15.axb4 Rxa1 16.Qxa1 Na6 17.dxc6 Nxb4 18.Qa4 Nxc6 19.Nd5
Qb7 20.Rb1 Bd7 21.Rxb6 Qc8 22.Qa3 Nxd5 23.exd5 Nd4 24.Bd3 Bf5
25.Bxf5 Nxf5 26.Rc6 Qd8 27.Ne4 Qb8 28.Rb6 Qc8 29.Nxd6 Nxd6 30.Rc6
Qb8 31.Qxd6 Qb1+ 32.Kh2 e4 33.g3 Be5 34.Qd7 Qb8 35.Rb6 Qa8 36.Rb7
Rf8 37.Ba7 h5 38.h4 Qc8 39.Qxc8 Rxc8 40.c5 Bd4 41.c6 Be5 42.Bb6
Kg7 43.Rd7 Kf8 44.Bc5+ Kg7 45.Bd6 Bd4 46.c7 Bb6 47.Be5+ Kf8 48.d6
Ke8 49.Re7+ Kf8 50.d7 1-0

[Event "Moscow Open 2009 B"]
[Site "www.moscowchessopen.ru"]
[Date "2009.02.05"]
[Round "6.21"]
[White "Tarasova, Viktoriya"]
[Black "Bobrov, Yury"]
[Result "1-0"]
[WhiteElo "2257"]
[BlackElo "2169"]
[Annotator ""]
[Source ""]
[Remark ""]

1.d4 Nf6 2.c4 g6 3.Nc3 Bg7 4.e4 d6 5.Nf3 O-O 6.Be2 Nbd7 7.O-O
e5 8.Be3 Re8 9.Qc2 Ng4 10.Bg5 f6 11.Bh4 h5 12.h3 Nh6 13.Rad1
Nf7 14.dxe5 dxe5 15.Bg3 c6 16.Nh4 Kh7 17.b4 Qe7 18.c5 Nf8 19.f4
a5 20.a3 axb4 21.axb4 Rd8 22.Rxd8 Nxd8 23.f5 Nf7 24.fxg6+ Nxg6
25.Nxg6 Kxg6 26.Qd1 Ng5 27.Bxh5+ Kh6 28.h4 Ne6 29.Bf2 Kh7 30.Bg4
Nf4 31.Be3 Bh6 32.Bxf4 Bxg4 33.Qxg4 exf4 34.Qf5+ Kg7 35.Ne2 Qe5
36.Nxf4 Qxf5 37.exf5 Ra4 38.Ne6+ Kg8 39.Rb1 Bd2 40.b5 Be3+ 41.Kf1
Rc4 42.bxc6 bxc6 43.Ke2 Re4 44.Kd3 Re5 45.Re1 Bf2 46.Rxe5 fxe5
47.h5 Kh7 48.g4 Kh6 49.f6 1-0

[Event "Moscow Open 2009 B"]
[Site "www.moscowchessopen.ru"]
[Date "2009.02.05"]
[Round "6.22"]
[White "Bazarov, Konstantin"]
[Black "Nikologorskiy, Konstantin"]
[Result "1/2-1/2"]
[WhiteElo "2256"]
[BlackElo "2168"]
[Annotator ""]
[Source ""]
[Remark ""]

1.d4 d5 2.c4 c6 3.Nf3 Nf6 4.Nc3 a6 5.c5 Nbd7 6.Bf4 Nh5 7.Bc1
Nhf6 8.Bf4 g6 9.h3 Bg7 10.e3 O-O 11.Be2 Re8 12.Bh2 Nf8 13.O-O
Bf5 14.b4 Ne4 15.Nxe4 dxe4 16.Ne5 Nd7 17.Nc4 Be6 18.Na5 Ra7 19.Qc2
Bd5 20.Rad1 e5 21.dxe5 Bxe5 22.Bxe5 Rxe5 23.Bc4 Rg5 24.Bxd5 cxd5
25.f4 exf3 26.Rxf3 Ne5 27.Rf4 Qd7 28.Kh1 Ra8 29.Rfd4 Nf3 30.Rf4
Ne5 31.Rfd4 Nf3 1/2-1/2

[Event "Moscow Open 2009 B"]
[Site "www.moscowchessopen.ru"]
[Date "2009.02.05"]
[Round "6.23"]
[White "Remizov, Juri"]
[Black "Petrov, Artur"]
[Result "0-1"]
[WhiteElo "2174"]
[BlackElo "2253"]
[Annotator ""]
[Source ""]
[Remark ""]

1.e4 e6 2.d4 d5 3.e5 c5 4.c3 Qb6 5.Nf3 Bd7 6.Na3 Nc6 7.Be2 cxd4
8.cxd4 Bb4+ 9.Kf1 Rc8 10.Nc2 Bf8 11.g3 Na5 12.Na3 Bxa3 13.bxa3
Bb5 14.Kg2 Bxe2 15.Qxe2 Nc4 16.Qd3 Ne7 17.Bd2 a5 18.Rab1 Qa6
19.a4 h6 20.Rb5 O-O 21.Nh4 Rc7 22.Rc1 Rfc8 23.Kh3 Nc6 24.f4 Nb6
25.Qb3 Nxd4 26.Rxb6 Nxb3 27.Rxa6 Nxc1 28.Rxa5 Nxa2 29.Nf3 Nc3
30.Nd4 Ne4 31.Be3 Rc3 32.Bg1 Rc1 33.Be3 Re1 0-1

[Event "Moscow Open 2009 B"]
[Site "www.moscowchessopen.ru"]
[Date "2009.02.05"]
[Round "6.24"]
[White "Sinelnikov, Igor"]
[Black "Eliseev, Urii"]
[Result "0-1"]
[WhiteElo "2158"]
[BlackElo "2249"]
[Annotator ""]
[Source ""]
[Remark ""]

1.e4 e5 2.Nf3 Nc6 3.Bc4 Bc5 4.O-O Nf6 5.c3 Nxe4 6.d4 d5 7.Bb5
exd4 8.cxd4 Bd6 9.Nc3 O-O 10.Nxe4 dxe4 11.Bxc6 bxc6 12.Ng5 Qe7
13.Re1 f5 14.f3 h6 15.Nh3 Qf7 16.Bf4 Bxf4 17.Nxf4 g5 18.Nh3 exf3
19.gxf3 Be6 20.Nf2 Bd5 21.Nd3 Kh8 22.Ne5 Qg7 23.Rc1 Rf6 24.Qa4
h5 25.Rc3 Rg8 26.Qxa7 f4 27.h3 g4 28.fxg4 hxg4 29.Nxg4 Rg6 30.Kh2
Qh7 31.Rg1 Rxg4 32.Rxg4 Rxg4 0-1

[Event "Moscow Open 2009 B"]
[Site "www.moscowchessopen.ru"]
[Date "2009.02.05"]
[Round "6.25"]
[White "Fokin, Sergey"]
[Black "Baranov, Ilja"]
[Result "1/2-1/2"]
[WhiteElo "2142"]
[BlackElo "2247"]
[Annotator ""]
[Source ""]
[Remark ""]

1.d4 d5 2.c4 Nc6 3.Nf3 Bg4 4.cxd5 Bxf3 5.dxc6 Bxc6 6.Nc3 e6 7.e4
Bb4 8.f3 Qh4+ 9.g3 Qh5 10.Bg2 O-O-O 11.Be3 f5 12.Qb3 fxe4 13.fxe4
Bxc3+ 14.bxc3 Qg6 15.d5 exd5 16.exd5 Bd7 17.O-O Ne7 18.Qa3 Nf5
19.Qxa7 Qa6 20.Qxa6 bxa6 21.Bc5 Rhe8 22.Rf4 Ne3 23.Bxe3 Rxe3
24.c4 Rde8 25.Bf1 g6 26.c5 Bb5 27.Bh3+ Bd7 28.Bxd7+ Kxd7 29.Rf7+
R8e7 30.Raf1 Rd3 31.c6+ Kd8 32.Rf8+ Re8 33.R1f7 Rxf8 34.Rxf8+
Ke7 35.Rc8 Kd6 36.Rd8+ Kc5 37.Rd7 Rxd5 38.Rxc7 Rd6 39.Rxh7 Kxc6
40.Rf7 Kd5 41.h4 Ke6 42.Rf2 Rd3 43.Kg2 Ra3 44.g4 Ra4 45.Kg3 Ra3+
46.Kf4 Kf6 47.Ke4+ Kg7 48.Kd5 Rh3 49.Kc6 Rxh4 50.Rf4 Kh6 1/2-1/2

[Event "Moscow Open 2009 B"]
[Site "www.moscowchessopen.ru"]
[Date "2009.02.05"]
[Round "6.26"]
[White "Krivenko, Sergey"]
[Black "Ryzhov, Vladimir"]
[Result "1-0"]
[WhiteElo "2111"]
[BlackElo "2246"]
[Annotator ""]
[Source ""]
[Remark ""]

1.e4 c5 2.Nf3 Nc6 3.Bb5 e6 4.O-O Nge7 5.c3 a6 6.Ba4 b5 7.Bc2
Bb7 8.a4 Rb8 9.axb5 axb5 10.Qe2 Qb6 11.Rd1 Ng6 12.d4 cxd4 13.cxd4
Nb4 14.Bb3 Bd6 15.Nc3 Ba6 16.h4 O-O 17.e5 Be7 18.h5 Nh8 19.h6
f5 20.exf6 gxf6 21.d5 Bc8 22.dxe6 dxe6 23.Nd4 Kf7 24.Be3 Bc5
25.Nxe6 Bxe3 26.Nxf8+ Kxf8 27.Qxe3 Qxe3 28.fxe3 Bg4 29.Rd4 1-0